000 00306nam a22001337a 4500
008 181205b xxu||||| |||| 00| 0 eng d
020 _a9780321146076
041 _aeng
080 _27 TH
_a370
100 _a49
101 _aEDU
245 _aEfficient Flexible Reading
_cKathlen.T.M
942 _2udc
_cBK
999 _c52872
_d52872